ბათუმის შოთა რუსთაველის სახელმწიფო უნივერსიტეტის ბიბლიოთეკა

მოამბე. აკაკი წერეთლის სახელმწიფო უნივერსიტეტის №2. 2013 (ბიბ.ჩანაწერი № 43314)

000 -LEADER
fixed length control field 00627nam a2200181Ia 4500
001 - CONTROL NUMBER
control field 10041
003 - CONTROL NUMBER IDENTIFIER
control field GE_BSU
008 - FIXED-LENGTH DATA ELEMENTS--GENERAL INFORMATION
fixed length control field 181216s||||||||xx |||||||||||||| ||und||
040 ## - CATALOGING SOURCE
Transcribing agency GE_BSU
245 ## - TITLE STATEMENT
Title მოამბე. აკაკი წერეთლის სახელმწიფო უნივერსიტეტის №2. 2013
245 ## - TITLE STATEMENT
Remainder of title Bulletin of TSERETELI STATE UNIVERSITY
245 ## - TITLE STATEMENT
Statement of responsibility, etc. მთ.რედ. ავთანდილ ნიკოლეიშვილი
260 ## - PUBLICATION, DISTRIBUTION, ETC.
Place of publication, distribution, etc. ქუთაისი
260 ## - PUBLICATION, DISTRIBUTION, ETC.
Date of publication, distribution, etc. 2013
300 ## - PHYSICAL DESCRIPTION
Extent 332გვ.25სმ.
653 ## - INDEX TERM--UNCONTROLLED
Uncontrolled term მოამბე
942 ## - ADDED ENTRY ELEMENTS (KOHA)
Koha item type პერიოდიკა
ეგზემპლარები
Withdrawn status Lost status Damaged status Not for loan Date acquired Barcode Date last seen Price effective from Koha item type
        2018-12-17 р76276 2018-12-17 2018-12-17 პერიოდიკა